000 00448nam a2200157Ia 4500
008 230116s9999 xx 000 0 und d
020 _a9780823002269
041 _aeng
082 _a720.95
100 _aSteete J.
_9106454
245 _aArchitecture For People: The Complete Works Of Hassan Fathy.
260 _bWhitney Library Of Design.
_c1997
300 _a208
906 _b37.0
999 _c84043
_d84043